<?xml version="1.0" encoding="UTF-8"?>
<collection xmlns="http://www.loc.gov/MARC21/slim">
 <record>
  <leader>00477pamaa2200133   4500</leader>
  <controlfield tag="001">0000021597</controlfield>
  <controlfield tag="005">20070104090000.0</controlfield>
  <datafield tag="020" ind1="0" ind2="0">
   <subfield code="a">0946640394 </subfield>
  </datafield>
  <datafield tag="090" ind1="0" ind2="0">
   <subfield code="a">PG3476.K47 </subfield>
   <subfield code="b">KHA 1989</subfield>
  </datafield>
  <datafield tag="100" ind1="1" ind2="0">
   <subfield code="a">KHARMS </subfield>
  </datafield>
  <datafield tag="245" ind1="1" ind2="4">
   <subfield code="a">The plummeting old women  </subfield>
   <subfield code="c">Daniil Kharms ; introduction and translation by Neil Cornwell ; with an afterword by Hugh Maxton.</subfield>
  </datafield>
  <datafield tag="260" ind1="0" ind2="0">
   <subfield code="a">Dublin, Ireland : Lilliput Press, 1989.</subfield>
  </datafield>
  <datafield tag="300" ind1=" " ind2=" ">
   <subfield code="a">101 p. : ill. ; 22 cm..</subfield>
  </datafield>
  <datafield tag="651" ind1="0" ind2="0">
   <subfield code="a">Soviet Union -- </subfield>
   <subfield code="x">History -- </subfield>
   <subfield code="x">Fiction -- </subfield>
   <subfield code="y">1925-1953 </subfield>
  </datafield>
 </record>
</collection>
